000
00285nam a22001337a 4500
003
SGT
082
_a
370
_b
I16S
100
_a
SINGH, DHIRENDRA
245
_a
INDIAN HERITAGE AND CULTURE
260
_a
NEW DELHI
_b
APH PUB
_c
2016
300
_a
313
650
_a
EDUCATION
942
_2
ddc
_c
BK
999
_c
12416
_d
12416